000 00197 a2200097 4500
001 7762
100 _aWeber, H
245 _aMathematics
260 _a
_bDover Publications
_c
090 _c6218
_d6218
942 _aNUST-CAE
_cM
_c32732
999 _c242835
_d242835